Emerging wireless multimedia services and technologies / (Record no. 28911)
[ view plain ]
| 000 -LEADER | |
|---|---|
| fixed length control field | 02864cam a22003974a 4500 |
| 001 - CONTROL NUMBER | |
| control field | 13945645 |
| 003 - CONTROL NUMBER IDENTIFIER | |
| control field | EG-ScBUE |
| 005 - DATE AND TIME OF LATEST TRANSACTION | |
| control field | 20201014102914.0 |
| 008 - FIXED-LENGTH DATA ELEMENTS--GENERAL INFORMATION | |
| fixed length control field | 050428t2005 enka f b 001 0 eng d |
| 020 ## - INTERNATIONAL STANDARD BOOK NUMBER | |
| International Standard Book Number | 0470021497 (alk. paper) |
| 020 ## - INTERNATIONAL STANDARD BOOK NUMBER | |
| International Standard Book Number | 9780470021491 |
| 035 ## - SYSTEM CONTROL NUMBER | |
| System control number | (OCoLC)ocm60373351 |
| 040 ## - CATALOGING SOURCE | |
| Original cataloging agency | DLC |
| Language of cataloging | eng |
| Description conventions | rda |
| Transcribing agency | DLC |
| Modifying agency | UKM |
| -- | BAKER |
| -- | BWKUK |
| -- | PMC |
| -- | DLC |
| -- | EG-ScBUE |
| 082 04 - DEWEY DECIMAL CLASSIFICATION NUMBER | |
| Classification number | 384.5 |
| Item number | EME |
| Edition number | 22 |
| 245 00 - TITLE STATEMENT | |
| Title | Emerging wireless multimedia services and technologies / |
| Statement of responsibility, etc | edited by Apostolis K. Salkintzis, Motorola, Greece, Nikos Passas, University of Athens, Greece. |
| 264 #1 - PUBLICATION, DISTRIBUTION, ETC. (IMPRINT) | |
| Place of publication, distribution, etc | West Sussex, England : |
| Name of publisher, distributor, etc | John Wiley & Sons Ltd, |
| Date of publication, distribution, etc | [2005] |
| 264 #4 - PUBLICATION, DISTRIBUTION, ETC. (IMPRINT) | |
| Date of publication, distribution, etc | c2005 |
| 300 ## - PHYSICAL DESCRIPTION | |
| Extent | xix, 433 pages : |
| Other physical details | illustrations ; |
| Dimensions | 25 cm |
| 336 ## - CONTENT TYPE | |
| Source | rdacontent |
| Content type term | text |
| Content type code | txt |
| 337 ## - MEDIA TYPE | |
| Source | rdamedia |
| Media type term | unmediated |
| Media type code | n |
| 338 ## - CARRIER TYPE | |
| Source | rdacarrier |
| Carrier type term | volume |
| Carrier type code | nc |
| 504 ## - BIBLIOGRAPHY, ETC. NOTE | |
| Bibliography, etc | Includes bibliographical references and index. |
| 505 0# - FORMATTED CONTENTS NOTE | |
| Formatted contents note | Multimedia coding techniques for wireless networks / Anastasios Delopoulos -- Multimedia transport protocols for wireless networks / Pantelis Balaouras and Ioannis Stavrakakis -- Multimedia control protocols for wireless networks / Pedro M. Ruiz ... [et al.] -- Multimedia wireless local area networks / Sai Shankar N -- Wireless multimedia personal area networks : an overview / Minal Mishra, Aniruddha Rangnekar and Krishna M. Sivalingam -- QoS provision in wireless multimedia networks / Nikos Passas and Apostolis K. Salkintzis -- Wireless multimedia in 3G networks / George Xylomenos and Vasilis Vogkas -- Wireless application protocol (WAP) / Alessandro Andreadis and Giovanni Giambene -- Multimedia messaging service (MMS) / Alessandro Andreadis and Giovanni Giambene -- Instant messaging and presence service (IMPS) / John Buford and Mahfuzur Rahman -- Instant messaging enabled mobile payments / Stamatis Karnouskos ... [et al.] -- Push-to-talk : a first step to a unified instant communication future / Johanna Wild, Michael Sasuta and Mark Shaughnessy -- Location based services / Ioannis Priggouris, Stathes Hadjiefthymiades and Giannis Marias. |
| 650 #7 - SUBJECT ADDED ENTRY--TOPICAL TERM | |
| Topical term or geographic name as entry element | Wireless communication systems. |
| Source of heading or term | BUEsh |
| 650 #7 - SUBJECT ADDED ENTRY--TOPICAL TERM | |
| Topical term or geographic name as entry element | Multimedia systems. |
| Source of heading or term | BUEsh |
| 653 ## - INDEX TERM--UNCONTROLLED | |
| Resource For college | Generalities |
| Arrived date list | October2020 |
| 655 ## - INDEX TERM--GENRE/FORM | |
| Form subdivision | Reading book |
| 9 (RLIN) | 34232 |
| 700 1# - ADDED ENTRY--PERSONAL NAME | |
| Personal name | Salkintzis, Apostolis K., |
| Relator term | editor. |
| 700 1# - ADDED ENTRY--PERSONAL NAME | |
| Personal name | Passas, Nikos, |
| Dates associated with a name | 1970- |
| Relator term | editor. |
| 856 42 - ELECTRONIC LOCATION AND ACCESS | |
| Materials specified | Publisher description |
| Uniform Resource Identifier | <a href="http://www.loc.gov/catdir/enhancements/fy0645/2005012179-d.html">http://www.loc.gov/catdir/enhancements/fy0645/2005012179-d.html</a> |
| 856 41 - ELECTRONIC LOCATION AND ACCESS | |
| Materials specified | Table of contents only |
| Uniform Resource Identifier | <a href="http://www.loc.gov/catdir/enhancements/fy0645/2005012179-t.html">http://www.loc.gov/catdir/enhancements/fy0645/2005012179-t.html</a> |
| 856 42 - ELECTRONIC LOCATION AND ACCESS | |
| Materials specified | Contributor biographical information |
| Uniform Resource Identifier | <a href="http://www.loc.gov/catdir/enhancements/fy0645/2005012179-b.html">http://www.loc.gov/catdir/enhancements/fy0645/2005012179-b.html</a> |
| 906 ## - LOCAL DATA ELEMENT F, LDF (RLIN) | |
| a | 7 |
| b | cbc |
| c | orignew |
| d | 1 |
| e | ecip |
| f | 20 |
| g | y-gencatlg |
| 942 ## - ADDED ENTRY ELEMENTS (KOHA) | |
| Source of classification or shelving scheme | Dewey Decimal Classification |
| Koha item type | Book - Borrowing |
| Withdrawn status | Lost status | Source of classification or shelving scheme | Damaged status | Not for loan | Collection code | Home library | Current library | Shelving location | Date acquired | Source of acquisition | Total Checkouts | Full call number | Barcode | Date last seen | Price effective from | Koha item type |
|---|---|---|---|---|---|---|---|---|---|---|---|---|---|---|---|---|
| Dewey Decimal Classification | Baccah | Central Library | Central Library | First floor | 14/10/2020 | Purchase | 384.5 EME | 000049969 | 15/07/2025 | 14/10/2020 | Book - Borrowing |